• 首页
  • 本馆介绍
  • 公告通知
  • 最新文献
  • 馆藏检索
  • 电子资源
  • 读者导购
  • 参考咨询
  • 我的图书馆
  • 登录
  • 详细信息显示
  • 放入我的书架
  • 预约/预借图书
  • 作者相关作品
  • 分类相关作品
  • 丛书相关作品
  • 出版社相关作品

书目信息

  • 表格格式
  • 工作单格式
  • 卡片格式
题名:
前列腺疾病三联疗法
    
 
作者: 林梅 主编 ;白雅君 编著
分册:  
出版信息: 北京   金盾出版社  2009
页数: 213页
开本: 21cm
丛书名:
单 册:
中图分类: R697.05
科图分类:
主题词: 前列腺疾病--中西医结合疗法 , 前列腺疾病 , 中西医结合疗法
电子资源:
ISBN: 978-7-5082-5741-9
000 00916nam0 2200265 45
001 1033023984
005 20100407170405.84
010    @a978-7-5082-5741-9@dCNY15.00
100    @a20100331d2009 em y0chiy50 ea
101 0  @achi
102    @aCN@b110000
105    @aa z 000yy
106    @ar
200 1  @a前列腺疾病三联疗法@AQian Lie Xian Ji Bing San Lian Liao Fa@f林梅主编@FLin Mei Zhu Bian@g白雅君[等]编著
210    @a北京@c金盾出版社@d2009
215    @a213页@c图@d21cm
330    @a本书简要介绍了前列腺的解剖特点、生理功能及病因、病理和诊断等,对前列腺疾病“三联疗法”的优势和特点作了全面说明,包括现代疗法、中医中药疗法、自然疗法等。
606 0  @a前列腺疾病@x中西医结合疗法
606 0  @a前列腺疾病
606 0  @a中西医结合疗法
690    @aR697.05@v4
701  0 @a林梅@ALin Mei@4主编
702  0 @a白雅君@ABai Ya Jun@4编著
801  0 @aCN@bTANGWEI@c20100407
905    @b0587620-24@dR697.05@e41@f5
    
    前列腺疾病三联疗法/林梅主编/白雅君[等]编著.-北京:金盾出版社,2009
    213页:图;21cm
    
    
    ISBN 978-7-5082-5741-9:CNY15.00
    本书简要介绍了前列腺的解剖特点、生理功能及病因、病理和诊断等,对前列腺疾病“三联疗法”的优势和特点作了全面说明,包括现代疗法、中医中药疗法、自然疗法等。
●
相关链接 在E读中查询图书 在五车中查询图书 在当当中查询图书 在豆瓣中查询图书


正题名:前列腺疾病三联疗法     索取号:R697.05/41         预约/预借

序号 登录号 条形码 馆藏地/架位号 状态 备注
1 0587620   205876202   第二样本阅览室/ [索取号:R697.05/41] 在馆    
2 0587621   205876211   教育系资料室/ [索取号:R697.05/41] 在馆    
3 0587622   205876220   教育系资料室/ [索取号:R697.05/41] 在馆    
4 0587623   205876239   第三借阅区/ [索取号:R697.05/41] 在馆    
5 0587624   205876248   第三借阅区/ [索取号:R697.05/41] 在馆    
唐山师范学院图书馆 欢迎您!
大连网信软件有限公司© 版权所有